| 000 | 00000nam##2200000za#4500 |
| 001 | 9.641630 |
| 003 | CaOODSP |
| 005 | 20210624223318 |
| 007 | cr ||||||||||| |
| 008 | 150407|2011||||xxc|||||o f|0| 0 fre|d |
| 020 | |a978-1-55465-694-3 |
| 040 | |aCaOODSP|bfre |
| 043 | |an-cn--- |
| 086 | 1 |aH118-85/2011F-PDF |
| 110 | 1 |aCanada. |bInstitut canadien d'information sur la santé. |
| 245 | 10|aReconnaître et explorer la santé mentale positive : |h[ressource électronique]|bdialogue sur les politiques : synthèse et analyse |
| 260 | |aOttawa - Ontario : |bInstitut canadien d'information sur la santé |cc2011. |
| 300 | |a40p.|bfigure, références |
| 590 | |a13-08-Supp|b2013-04-02 |
| 691 | 07|aSanté mentale|2gcpds |
| 775 | 08|tRecognizing and exploring positive mental health : |w(CaOODSP)9.697592 |
| 856 | 40|ahttp://publications.gc.ca|qPDF|s490 Ko|uhttps://publications.gc.ca/collections/collection_2013/icis-cihi/H118-85-2011-fra.pdf |